Gosto deles porque sim (Registo nº 1097)
[ vista simples ]
| 000 -Etiqueta do registo | |
|---|---|
| Cabeçalho | 00828nam0a2200313 i 4500 |
| 005 - Identificador da versão | |
| Campo de controlo | 20240813121825.0 |
| 010 ## - Número internacional normalizado dos livros (ISBN) | |
| Número (ISBN) | 9789724735160 |
| 021 ## - Número do Depósito Legal | |
| Código do país | PT |
| Número | 276 311/08 |
| 100 ## - Dados gerais de processamento | |
| Dados gerais de processamento | 20100329d2008 d y0pory5003 ba |
| 102 ## - Pais de publicação ou produção | |
| País de publicação | Portugal |
| 101 0# - Língua de publicação | |
| Língua do texto, banda sonora, etc. | Português |
| Língua do documento no original | Português |
| 106 ## - Campo de dados codificados: material textual | |
| Dados codificados do material textual | r |
| 105 ## - Campo de dados codificados: livros | |
| Dados codificados dos livros | a z 001yy |
| 215 ## - Descrição física | |
| Indicação específica da natureza do documento e extensão da espécie | 48 p. |
| Outras indicações físicas | il. |
| Dimensões | cm |
| 200 1# - Titulo e menção de responsabilidade | |
| Título próprio | Gosto deles porque sim |
| Primeira menção de responsabilidade | Lara Xavier |
| Outras menções de responsabilidade | Il. Rute Reimão |
| 225 2# - Colecção | |
| Título próprio da colecção | Júnior |
| Informação de outro título da colecção | Série Laranja |
| Indicação de volume | 4 |
| 205 ## - Menção da edição | |
| Menção da edição | 1ª ed |
| 210 ## - Publicação, Distribuição, etc. | |
| Lugar da edição, distribuição, etc. | Lisboa |
| Nome do editor, distribuidor, etc. | Texto Editores |
| Data da publicação, distribuição, etc. | 2008 |
| 304 ## - Notas relativas a título e menção de responsabilidade | |
| Texto da nota | Tít. orig.: |
| 606 ## - Nome comum usado como assunto | |
| Número de registo de entrada de autoridade | 0001456 |
| Palavra de ordem | Contos |
| 675 ## - Classificação Decimal Universal (CDU) | |
| Notação | 821.134.3-34 |
| Edição | BN |
| Língua da edição | por |
| 702 #1 - Nome de autor-pessoa física (responsabilidade secundária) | |
| Número de registo de entrada de autoridade | 0001486 |
| Palavra de ordem | Reimão |
| Outra parte do nome não tomada para palavra de ordem | Rute |
| 701 #1 - Nome de autor-pessoa física (co-responsabilidade principal) | |
| Palavra de ordem | Reimão |
| Outra parte do nome não tomada para palavra de ordem | Rute |
| Código de função | Ilustrador / Técnico de desenho computorizado |
| 700 #1 - Nome de autor-pessoa física (responsabilidade principal) | |
| Número de registo de entrada de autoridade | 0001485 |
| Palavra de ordem | Xavier |
| Outra parte do nome não tomada para palavra de ordem | Lara |
| Datas | 1971- |
| 942 ## - Elementos de entrada adicionados (Koha) | |
| Tipo de item no Koha | Livro |
| Situação do levantamento | Origin of item (home branch) (coded) | Biblioteca de empréstimo | Código de barras | Cota | Circulation type (not for loan) | Tipo de documento | Nota do exemplar | Damaged status |
|---|---|---|---|---|---|---|---|---|
| Biblioteca Escolar Eng. Nuno Mergulhão | Biblioteca Escolar Eng. Nuno Mergulhão | BENM1985 | 8POR XAV | Livro | Sem mensagem |
